000 00663cam8a220019300 4500
001 zam00009527
008 970717n xx eng u
035 _a(Sirsi) r139527
040 _dUPRA
100 _aNg'ombe, R.M.S.
_6A104893.1
245 1 0 _aColour and Christianity in Africa.
260 _as.l :
_bs.n,
_cn.d.
500 _aManuscript.
520 _aArgues that Christianity can olny survive in Northern Rhodesia if the young Africans are frequent church goers.
650 4 _aChristianity.
_6S3311.1
650 4 _aNorthern Rhodesia -- Christianity.
_xNorthern Rhodesia -- Christianity.
_6S75853.1
949 1 0 _mINESOR
_tBOOK
_lON-SHELF
004 139527
999 _c28122
_d28122